[Event "SVK-ch rapid"]
[White "Borosova, Zuzana"]
[Black "Belan, Jozef"]
[Site "Modra"]
[Round "2"]
[Result "1-0"]
[Date "2024.10.05"]
[WhiteElo "2291"]
[BlackElo "1951"]
[PlyCount "86"]
[EventDate "2024.10.05"]
[EventType "swiss (rapid)"]
[EventRounds "9"]
[EventCountry "SVK"]
[SourceTitle "EXT 2025"]
[Source "ChessBase"]
[SourceDate "2024.10.14"]
[SourceVersion "1"]
[SourceVersionDate "2024.10.14"]
[SourceQuality "1"]
[WhiteTeam "Slovakia"]
[BlackTeam "Slovakia"]
[WhiteTeamCountry "SVK"]
[BlackTeamCountry "SVK"]

1. e4 c5 2. Nf3 d6 3. Bb5+ Nd7 4. 0-0 Ngf6 5. Re1 a6 6. Bf1 e6 7. d4 cxd4 8. Nxd4 Qc7 9. c4 Be7 10. f3 b6 11. Be3 Bb7 12. Qd2 0-0 13. Nc3 Rac8 14. Rac1 Qb8 15. Kh1 Rfd8 16. Bg1 Bf8 17. a3 h5 18. Red1 Ne5 19. b3 h4 20. Nc2 Nfd7 21. h3 Be7 22. Bf2 Qc7 23. Ne3 Ng6 24. b4 Nde5 25. Qb2 Nf4 26. Qd2 Bg5 27. Qe1 Qe7 28. Be2 Qf6 29. Bf1 Nxh3 30. Qe2 Nf4 31. Qe1 h3 32. Bg3 hxg2+ 33. Nxg2 Nxg2 34. Bxg2 Qh6+ 35. Kg1 Bxc1 36. Rxc1 Qg5 37. f4 Qg4 38. fxe5 dxe5 39. Qe3 Rd6 40. Bf1 f6 41. Be2 Qg6 42. Kf2 Kf7 43. Bh5 Rcd8 1-0

[Event "SVK-ch rapid"]
[White "Kulich, Filip"]
[Black "Borosova, Zuzana"]
[Site "Modra"]
[Round "3"]
[Result "0-1"]
[Date "2024.10.05"]
[WhiteElo "1931"]
[BlackElo "2291"]
[PlyCount "54"]
[EventDate "2024.10.05"]
[EventType "swiss (rapid)"]
[EventRounds "9"]
[EventCountry "SVK"]
[SourceTitle "EXT 2025"]
[Source "ChessBase"]
[SourceDate "2024.10.14"]
[SourceVersion "1"]
[SourceVersionDate "2024.10.14"]
[SourceQuality "1"]
[WhiteTeam "Slovakia"]
[BlackTeam "Slovakia"]
[WhiteTeamCountry "SVK"]
[BlackTeamCountry "SVK"]

1. e4 e5 2. Nf3 Nc6 3. c3 Nf6 4. d4 Nxe4 5. d5 Bc5 6. dxc6 Bxf2+ 7. Ke2 Bb6 8. Be3 bxc6 9. Bxb6 axb6 10. Nbd2 f5 11. Ke1 0-0 12. Be2 Qe7 13. Qc2 d5 14. c4 Nf6 15. b3 e4 16. Nd4 Qe5 17. Qc3 c5 18. Nb5 d4 19. Qb2 c6 20. Na3 f4 21. b4 Bf5 22. Nb3 Rfe8 23. bxc5 bxc5 24. Rd1 d3 25. Qxe5 Rxe5 26. Nb1 dxe2 27. Kxe2 Rxa2+ 0-1

[Event "Olympiad Women-45"]
[White "Daulyte Cornette, Deimante"]
[Black "Borosova, Zuzana"]
[Site "Budapest"]
[Round "10.1"]
[Result "1-0"]
[Date "2024.09.21"]
[WhiteElo "2369"]
[BlackElo "2205"]
[PlyCount "139"]
[EventDate "2024.09.11"]
[EventType "team-swiss"]
[EventRounds "11"]
[EventCountry "HUN"]
[SourceTitle "EXT 2025"]
[Source "ChessBase"]
[SourceDate "2024.10.14"]
[SourceVersion "1"]
[SourceVersionDate "2024.10.14"]
[SourceQuality "1"]
[WhiteTeam "France (W)"]
[BlackTeam "Slovakia (W)"]
[WhiteTeamCountry "FRA"]
[BlackTeamCountry "SVK"]

1. e4 c6 2. d4 d5 3. e5 Bf5 4. h4 h5 5. Bd3 Bxd3 6. Qxd3 Qa5+ 7. b4 Qa6 8. Qb3 e6 9. Nf3 Qc4 10. Bd2 Qxb3 11. axb3 Na6 12. c3 Ne7 13. Na3 Nc7 14. Nc2 a6 15. 0-0 Ng6 16. Nce1 Be7 17. g3 Nf8 18. Nd3 Nd7 19. Rfc1 0-0-0 20. Bg5 Rde8 21. Bxe7 Rxe7 22. Nf4 Kb8 23. Kf1 Ree8 24. Re1 Nb6 25. Ng5 Re7 26. Re3 Nd7 27. Rae1 Kc8 28. Rf3 Rh6 29. Nd3 f6 30. Nh3 f5 31. Ng5 Nf8 32. Rfe3 Ng6 33. Ra1 Nh8 34. Kg2 Nf7 35. Nh3 Nd8 36. Nhf4 Re8 37. Nc5 Rg8 38. Rh1 Re8 39. Kf1 Re7 40. Ke1 Re8 41. Kd2 Re7 42. Ree1 Re8 43. Reg1 Rg8 44. f3 Rf8 45. Ncd3 Ne8 46. g4 fxg4 47. fxg4 hxg4 48. Rxg4 Rf7 49. h5 b6 50. Rhg1 Kd7 51. c4 Rh7 52. Ke3 Nc7 53. Nf2 Ne8 54. Rg6 Re7 55. Ra1 Nc7 56. N2d3 Nf7 57. b5 axb5 58. c5 bxc5 59. Nxc5+ Kc8 60. Nfxe6 Kb8 61. Nxc7 Kxc7 62. Ra7+ Kd8 63. Ne6+ Rxe6 64. Rxe6 Nh6 65. Rxc6 Nf5+ 66. Kd3 Rxh5 67. e6 Rh3+ 68. Kd2 Rh2+ 69. Kc1 Re2 70. Rd7+ 1-0

[Event "Olympiad Women-45"]
[White "Shohradova, Lala"]
[Black "Borosova, Zuzana"]
[Site "Budapest"]
[Round "2.32"]
[Result "0-1"]
[Date "2024.09.12"]
[WhiteElo "2030"]
[BlackElo "2205"]
[PlyCount "90"]
[EventDate "2024.09.11"]
[EventType "team-swiss"]
[EventRounds "11"]
[EventCountry "HUN"]
[SourceTitle "EXT 2025"]
[Source "ChessBase"]
[SourceDate "2024.10.14"]
[SourceVersion "1"]
[SourceVersionDate "2024.10.14"]
[SourceQuality "1"]
[WhiteTeam "Turkmenistan (W)"]
[BlackTeam "Slovakia (W)"]
[WhiteTeamCountry "TKM"]
[BlackTeamCountry "SVK"]

1. d4 d5 2. c4 c6 3. Nc3 Nf6 4. Nf3 e6 5. Bg5 h6 6. Bh4 Be7 7. e3 Nbd7 8. cxd5 exd5 9. Bd3 Ne4 10. Bxe7 Qxe7 11. Qc2 f5 12. Rb1 a5 13. a3 0-0 14. 0-0 Qf6 15. b4 axb4 16. axb4 b5 17. Ne2 Bb7 18. Qb2 Rfe8 19. Ra1 Qe7 20. Rxa8 Rxa8 21. Ne5 Nb6 22. Ng3 Qf8 23. Ng6 Qf6 24. Nxf5 Re8 25. Nfh4 Bc8 26. Qe2 Be6 27. g3 Nc4 28. Ra1 Bf7 29. Bxc4 dxc4 30. Ne5 Rxe5 31. dxe5 Qxe5 32. Ra8+ Kh7 33. Nf3 Qc3 34. Qe1 Qb2 35. Nd4 c3 36. Ra1 Nxf2 37. Qxf2 Qxa1+ 38. Kg2 Bg6 39. Ne6 Be4+ 40. Kh3 Qb1 41. Qf7 Bf5+ 42. Kh4 Qe4+ 43. Nf4 c2 44. g4 c1Q 45. gxf5 Qe1+ 0-1

[Event "SVK-ch"]
[White "Sahidi, Samir"]
[Black "Borosova, Zuzana"]
[Site "Bratislava"]
[Round "9"]
[Result "1-0"]
[Date "2024.06.22"]
[WhiteElo "2465"]
[BlackElo "2210"]
[PlyCount "111"]
[EventDate "2024.06.14"]
[EventType "tourn"]
[EventRounds "9"]
[EventCountry "SVK"]
[EventCategory "8"]
[SourceTitle "CBM 220 Extra"]
[Source "ChessBase"]
[SourceDate "2024.07.31"]
[SourceVersion "1"]
[SourceVersionDate "2024.07.31"]
[SourceQuality "1"]

1. e4 c6 2. d4 d5 3. exd5 cxd5 4. Bd3 Nc6 5. c3 Qc7 6. h3 e5 7. dxe5 Nxe5 8. Nf3 Nxd3+ 9. Qxd3 Nf6 10. 0-0 Be7 11. Be3 0-0 12. Nbd2 Bd7 13. Rfe1 Rfe8 14. Bd4 Qf4 15. Re5 Bd6 16. Rxe8+ Nxe8 17. Re1 Nc7 18. Be5 Bxe5 19. Rxe5 Bb5 20. Qb1 Re8 21. Rxe8+ Bxe8 22. Nb3 Bd7 23. Nbd4 g6 24. Qd1 b6 25. g3 Qe4 26. Kh2 h5 27. Qd2 Nb5 28. Nxb5 Qxf3 29. Nd4 Qe4 30. h4 Kg7 31. a3 f6 32. f3 Qe5 33. Kg2 g5 34. Nc2 gxh4 35. gxh4 Qf5 36. Qf2 Qh3+ 37. Kg1 Kf8 38. Ne3 Be6 39. Ng2 Qf5 40. Qe2 Kf7 41. Kf2 Kg7 42. Qd2 Bf7 43. Nf4 Qe5 44. Kg2 Qf5 45. Ne2 Be6 46. Kf2 Bf7 47. Nd4 Qb1 48. Kg2 Qg6+ 49. Kh2 Kf8 50. Qf4 Qd3 51. Qxf6 Qd2+ 52. Kg3 Qe1+ 53. Kf4 Qc1+ 54. Ke5 Qe1+ 55. Kd6 Kg8 56. Nf5 1-0

[Event "SVK-ch"]
[White "Borosova, Zuzana"]
[Black "Jurcik, Marian"]
[Site "Bratislava"]
[Round "8"]
[Result "1/2-1/2"]
[Date "2024.06.21"]
[WhiteElo "2210"]
[BlackElo "2409"]
[PlyCount "107"]
[EventDate "2024.06.14"]
[EventType "tourn"]
[EventRounds "9"]
[EventCountry "SVK"]
[EventCategory "8"]
[SourceTitle "CBM 220 Extra"]
[Source "ChessBase"]
[SourceDate "2024.07.31"]
[SourceVersion "1"]
[SourceVersionDate "2024.07.31"]
[SourceQuality "1"]

1. d4 Nf6 2. Nf3 c5 3. d5 b5 4. Bg5 g6 5. Bxf6 exf6 6. a4 b4 7. Nbd2 Bg7 8. Nc4 0-0 9. g3 Ba6 10. Nfd2 d6 11. Bg2 f5 12. 0-0 Qc7 13. e3 Nd7 14. Ra2 Nf6 15. Re1 Rfe8 16. Qe2 h5 17. Qd3 h4 18. Qb3 hxg3 19. hxg3 Ng4 20. Raa1 Bf6 21. Rab1 Kg7 22. Re2 Re7 23. Bf1 Rae8 24. Bg2 Qd8 25. Bf3 Rh8 26. Ree1 Rh5 27. Bxg4 fxg4 28. Qd3 Re8 29. Kg2 Reh8 30. Rh1 Qd7 31. Rxh5 gxh5 32. Ne4 Be7 33. b3 Bb7 34. Na5 Ba8 35. Nd2 h4 36. Rh1 Rh5 37. e4 f5 38. f3 Bg5 39. fxg4 fxg4 40. gxh4 Rxh4 41. Rxh4 Bxh4 42. Nf1 Bg5 43. Ng3 Kg8 44. Qe2 Kh7 45. Qf1 Kg6 46. Qf8 Qf7 47. Qxd6+ Qf6 48. Nf5 Qxd6 49. Nxd6 Bf4 50. Nac4 Kf6 51. Ne8+ Kf7 52. Ned6+ Kf6 53. Ne8+ Kf7 54. Ned6+ 1/2-1/2

[Event "SVK-ch"]
[White "Haring, Filip"]
[Black "Borosova, Zuzana"]
[Site "Bratislava"]
[Round "7"]
[Result "1-0"]
[Date "2024.06.20"]
[WhiteElo "2486"]
[BlackElo "2210"]
[PlyCount "61"]
[EventDate "2024.06.14"]
[EventType "tourn"]
[EventRounds "9"]
[EventCountry "SVK"]
[EventCategory "8"]
[SourceTitle "CBM 220 Extra"]
[Source "ChessBase"]
[SourceDate "2024.07.31"]
[SourceVersion "1"]
[SourceVersionDate "2024.07.31"]
[SourceQuality "1"]

1. e4 c6 2. d4 d5 3. e5 Bf5 4. Nd2 e6 5. Nb3 Nd7 6. Nf3 a5 7. a4 h6 8. Be2 Ne7 9. 0-0 Nc8 10. Bd2 Be7 11. Ne1 0-0 12. Bd3 f6 13. Bxf5 exf5 14. e6 Nb8 15. Qh5 Nd6 16. Nd3 Qe8 17. Qh3 b6 18. Rae1 Qg6 19. Nf4 Qh7 20. Qh5 g5 21. Ng6 Re8 22. Ne5 Kf8 23. f4 Ra7 24. fxg5 fxg5 25. g4 Bf6 26. gxf5 Rg7 27. Ng4 Ke7 28. Nxf6 Kxf6 29. Nc1 Rf8 30. e7 Rxe7 31. Bxg5+ 1-0

[Event "SVK-ch"]
[White "Gazik, Viktor"]
[Black "Borosova, Zuzana"]
[Site "Bratislava"]
[Round "5"]
[Result "1-0"]
[Date "2024.06.18"]
[WhiteElo "2565"]
[BlackElo "2210"]
[PlyCount "77"]
[EventDate "2024.06.14"]
[EventType "tourn"]
[EventRounds "9"]
[EventCountry "SVK"]
[EventCategory "8"]
[SourceTitle "CBM 220 Extra"]
[Source "ChessBase"]
[SourceDate "2024.07.31"]
[SourceVersion "1"]
[SourceVersionDate "2024.07.31"]
[SourceQuality "1"]

1. e4 c6 2. Nc3 d5 3. Nf3 dxe4 4. Nxe4 Nf6 5. Ng3 e6 6. d4 Nbd7 7. Bd3 Be7 8. Qe2 c5 9. Be3 0-0 10. 0-0-0 a6 11. Kb1 Qc7 12. Ng5 h6 13. N5e4 Nxe4 14. Nxe4 cxd4 15. Bxd4 e5 16. Bc3 b5 17. Ng3 Bc5 18. Nf5 Qb6 19. b4 Bd4 20. Nxd4 exd4 21. Bxd4 Qe6 22. Qxe6 fxe6 23. Be4 Rb8 24. Ba7 Nf6 25. Bf3 Rb7 26. Bc5 Re8 27. Bc6 Kf7 28. Rhe1 Rh8 29. Bxb7 Bxb7 30. Rd6 Bc8 31. Kb2 Nd5 32. f4 g6 33. a4 bxa4 34. c4 Nf6 35. Ka3 Re8 36. Rc6 Rd8 37. Rc7+ Kg8 38. Be7 Rd3+ 39. Ka2 1-0

[Event "EU-ch (Women) 24th"]
[White "Borosova, Zuzana"]
[Black "Mgeladze, Kesaria"]
[Site "Rhodes"]
[Round "7"]
[Result "1/2-1/2"]
[Date "2024.04.26"]
[WhiteElo "2225"]
[BlackElo "2094"]
[PlyCount "37"]
[EventDate "2024.04.19"]
[EventType "swiss"]
[EventRounds "10"]
[EventCountry "GRE"]
[SourceTitle "CBM 219 Extra"]
[Source "ChessBase"]
[SourceDate "2024.05.31"]
[SourceVersion "1"]
[SourceVersionDate "2024.05.31"]
[SourceQuality "1"]

1. d4 Nf6 2. Nf3 g6 3. c4 c5 4. Nc3 cxd4 5. Nxd4 Nc6 6. e4 d6 7. Be2 Nxd4 8. Qxd4 Bg7 9. Be3 0-0 10. Qd2 Qa5 11. f3 Be6 12. Rc1 Rfc8 13. b3 a6 14. Nd5 Qxd2+ 15. Kxd2 Nxd5 16. cxd5 Bd7 17. Rxc8+ Rxc8 18. Rc1 Rxc1 19. Kxc1 1/2-1/2

[Event "EU-ch (Women) 24th"]
[White "Borosova, Zuzana"]
[Black "Danielian, Elina"]
[Site "Rhodes"]
[Round "3"]
[Result "1/2-1/2"]
[Date "2024.04.21"]
[WhiteElo "2225"]
[BlackElo "2397"]
[PlyCount "82"]
[EventDate "2024.04.19"]
[EventType "swiss"]
[EventRounds "10"]
[EventCountry "GRE"]
[SourceTitle "CBM 219 Extra"]
[Source "ChessBase"]
[SourceDate "2024.05.31"]
[SourceVersion "1"]
[SourceVersionDate "2024.05.31"]
[SourceQuality "1"]

1. d4 Nf6 2. Nf3 e6 3. Bf4 c5 4. e3 d5 5. Nbd2 Bd6 6. dxc5 Bxc5 7. c4 Nc6 8. Be2 0-0 9. 0-0 h6 10. Nb3 Be7 11. Nfd4 Bd7 12. Nxc6 bxc6 13. cxd5 cxd5 14. Qd4 Ne4 15. Rfc1 Bf6 16. Be5 Bxe5 17. Qxe5 a5 18. Nc5 Nxc5 19. Rxc5 Qb8 20. Qc3 Qb6 21. Rc1 Rfb8 22. Rc2 Ba4 23. Rd2 Qb4 24. h3 Bd7 25. Rc2 Qxc3 26. R5xc3 Kf8 27. f4 Ke7 28. Kf2 Kd6 29. Rd2 a4 30. e4 Rb4 31. exd5 exd5 32. Bf3 Ra5 33. Rcd3 Bc6 34. Rd4 Rab5 35. Rxb4 Rxb4 36. g3 Rc4 37. Bd1 Rc1 38. a3 Rc4 39. Be2 Rc1 40. Bd1 Rc4 41. Be2 Rc1 1/2-1/2

[Event "EU-chT (Women) 24th"]
[White "Sliwicka, Alicja"]
[Black "Borosova, Zuzana"]
[Site "Budva"]
[Round "2.7"]
[Result "1-0"]
[Date "2023.11.12"]
[WhiteElo "2296"]
[BlackElo "2262"]
[PlyCount "77"]
[EventDate "2023.11.11"]
[EventType "team-swiss"]
[EventRounds "9"]
[EventCountry "MNE"]
[SourceTitle "CBM 217 Extra"]
[Source "ChessBase"]
[SourceDate "2024.01.31"]
[SourceVersion "1"]
[SourceVersionDate "2024.01.31"]
[SourceQuality "1"]
[WhiteTeam "Poland (W)"]
[BlackTeam "Slovakia (W)"]
[WhiteTeamCountry "POL"]
[BlackTeamCountry "SVK"]

1. e4 e5 2. Nf3 Nc6 3. Bb5 a6 4. Ba4 Nf6 5. 0-0 b5 6. Bb3 Bc5 7. a4 Rb8 8. axb5 axb5 9. d3 d6 10. Be3 Bg4 11. c3 0-0 12. h3 Bh5 13. Nbd2 Bb6 14. Qe2 Nd7 15. g4 Bg6 16. Bg5 Qe8 17. Nh4 Kh8 18. Ndf3 Nc5 19. Ba2 Ne6 20. Bd2 Qd7 21. Kg2 Ne7 22. Nf5 f6 23. h4 Bf7 24. h5 c6 25. Rh1 d5 26. N3h4 Kg8 27. Rhd1 Rfd8 28. Qf3 Bc7 29. Ng3 Ra8 30. Kg1 Nf4 31. c4 Be6 32. Nhf5 g6 33. Nxe7+ Qxe7 34. cxd5 cxd5 35. exd5 Rxa2 36. dxe6 Rxa1 37. Rxa1 Rxd3 38. Ra8+ Kg7 39. Qxd3 1-0

[Event "Skalica op-A"]
[White "Borosova, Zuzana"]
[Black "Dotzer, Lukas"]
[Site "Skalica"]
[Round "6"]
[Result "1/2-1/2"]
[Date "2023.08.24"]
[WhiteElo "2268"]
[BlackElo "2377"]
[PlyCount "39"]
[EventDate "2023.08.19"]
[EventType "swiss"]
[EventRounds "9"]
[EventCountry "SVK"]
[SourceTitle "CBM 215 Extra"]
[Source "ChessBase"]
[SourceDate "2023.09.30"]
[SourceVersion "1"]
[SourceVersionDate "2023.09.30"]
[SourceQuality "1"]

1. e4 c5 2. Nf3 e6 3. d4 cxd4 4. Nxd4 Nc6 5. Nc3 Qc7 6. Be3 a6 7. Qf3 b5 8. Qg3 Qxg3 9. hxg3 Bb7 10. Nb3 Nf6 11. f3 d5 12. exd5 Nb4 13. 0-0-0 Nfxd5 14. Nxd5 Bxd5 15. Kb1 h6 16. Rc1 Bd6 17. g4 Ke7 18. c4 bxc4 19. Bxc4 Rhc8 20. Na5 1/2-1/2

[Event "Skalica op-A"]
[White "Csontos, Aron"]
[Black "Borosova, Zuzana"]
[Site "Skalica"]
[Round "3"]
[Result "0-1"]
[Date "2023.08.21"]
[WhiteElo "2074"]
[BlackElo "2268"]
[PlyCount "104"]
[EventDate "2023.08.19"]
[EventType "swiss"]
[EventRounds "9"]
[EventCountry "SVK"]
[SourceTitle "CBM 215 Extra"]
[Source "ChessBase"]
[SourceDate "2023.09.30"]
[SourceVersion "1"]
[SourceVersionDate "2023.09.30"]
[SourceQuality "1"]

1. e4 e5 2. Nf3 Nc6 3. Nc3 Nf6 4. Bb5 Bb4 5. 0-0 0-0 6. d3 Bxc3 7. bxc3 d6 8. Bg5 Qe7 9. Re1 a6 10. Bc4 h6 11. Bh4 Na5 12. Bb3 g5 13. Bg3 Bg4 14. d4 c5 15. dxe5 dxe5 16. Bd5 Nxd5 17. exd5 e4 18. Qc1 Bxf3 19. gxf3 f5 20. f4 g4 21. Qe3 Qd6 22. Rab1 Qxd5 23. Red1 Qc6 24. Qd2 Nc4 25. Qd7 Qxd7 26. Rxd7 b6 27. Rbd1 Rf7 28. Bh4 Rxd7 29. Rxd7 Rf8 30. Ra7 a5 31. Rb7 Nd2 32. Be7 Nf3+ 33. Kg2 Re8 34. Bf6 Re6 35. Be5 Ne1+ 36. Kg3 Nxc2 37. Kh4 e3 38. fxe3 Nxe3 39. Rd7 Nc4 40. Bc7 Kf8 41. Kh5 Ke8 42. Rd5 Ne3 43. Rd8+ Ke7 44. Rb8 Nc4 45. Rh8 Kd7 46. Rh7+ Kc6 47. Bd8 Kd5 48. Rf7 Ke4 49. Bc7 Ne3 50. Rf8 Nd5 51. Be5 Nxf4+ 52. Bxf4 Kxf4 0-1

[Event "SVK-chB op"]
[White "Borosova, Zuzana"]
[Black "Stevik, Patrik1"]
[Site "Bratislava"]
[Round "5"]
[Result "0-1"]
[Date "2023.07.05"]
[WhiteElo "2249"]
[BlackElo "2234"]
[PlyCount "114"]
[EventDate "2023.07.01"]
[EventType "swiss"]
[EventRounds "9"]
[EventCountry "SVK"]
[SourceTitle "CBM 215 Extra"]
[Source "ChessBase"]
[SourceDate "2023.09.30"]
[SourceVersion "1"]
[SourceVersionDate "2023.09.30"]
[SourceQuality "1"]

1. e4 g6 2. d4 d6 3. Bc4 c6 4. Bb3 Bg7 5. Nf3 Nf6 6. Qe2 0-0 7. e5 Nd5 8. h3 b5 9. 0-0 a5 10. c3 Ba6 11. Qe4 dxe5 12. Nxe5 e6 13. Rd1 Bb7 14. Qe2 Nd7 15. Nd2 Nxe5 16. dxe5 Qc7 17. Nf3 a4 18. Bxd5 cxd5 19. a3 Ba6 20. Qe3 f6 21. exf6 Rxf6 22. Qe5 Qd7 23. Qg3 Raf8 24. Be3 b4 25. Ne5 Qc7 26. axb4 Rf5 27. Nd3 Qc6 28. Bc5 Re8 29. Qd6 Qb5 30. Qb6 e5 31. Qxb5 Bxb5 32. f3 e4 33. Ne1 Be2 34. g4 Rfe5 35. f4 Bxd1 36. Rxd1 R5e6 37. b5 Rb8 38. b6 Rexb6 39. Bxb6 Rxb6 40. Rd2 a3 41. bxa3 Bxc3 42. Re2 Rb1 43. Kf2 e3+ 44. Kxe3 Bxe1 45. Kd4 Rd1+ 46. Ke5 Bc3+ 47. Kd6 d4 48. Re8+ Kf7 49. Re7+ Kf8 50. Rc7 Re1 51. Kd5 d3 52. Rc8+ Ke7 53. Rc7+ Kd8 54. Rxc3 d2 55. Rd3 d1Q 56. Rxd1 Rxd1+ 57. Ke6 Ke8 0-1

[Event "SVK-chT 2223"]
[White "Chovan, Milan"]
[Black "Borosova, Zuzana"]
[Site "Slovakia"]
[Round "10.5"]
[Result "1/2-1/2"]
[Date "2023.04.01"]
[WhiteElo "2352"]
[BlackElo "2291"]
[PlyCount "139"]
[EventDate "2022.10.22"]
[EventType "team-tourn"]
[EventRounds "11"]
[EventCountry "SVK"]
[SourceTitle "EXT 2024"]
[Source "ChessBase"]
[SourceDate "2023.10.10"]
[SourceVersion "1"]
[SourceVersionDate "2023.10.10"]
[SourceQuality "1"]
[WhiteTeam "Podhajska Aquamarin"]
[BlackTeam "Komarno"]
[WhiteTeamCountry "SVK"]
[BlackTeamCountry "SVK"]

1. d4 d5 2. c4 c6 3. Nc3 Nf6 4. e3 Bf5 5. Nf3 e6 6. Bd3 Bxd3 7. Qxd3 Bb4 8. 0-0 Nbd7 9. b3 0-0 10. Bb2 Qe7 11. Nd2 Rad8 12. Rad1 Rfe8 13. Qc2 Nf8 14. e4 Bxc3 15. Bxc3 dxe4 16. Nxe4 Nxe4 17. Qxe4 Rd7 18. Rd3 Red8 19. Re3 Qd6 20. h4 f5 21. Qf3 Qe7 22. g3 Qd6 23. Rfe1 Rf7 24. Re5 Rc8 25. h5 h6 26. Qf4 Rd8 27. Qf3 Rc8 28. Bb2 Rd8 29. Qe2 Rfd7 30. Kh2 Rf7 31. f4 Rfd7 32. Qf3 Qc7 33. Bc3 Qd6 34. R1e2 Qc7 35. Qg2 Qd6 36. Qf2 Qc7 37. Qe1 Rd6 38. Rg2 Qf7 39. Qe2 Nh7 40. g4 fxg4 41. Qxg4 Nf6 42. Qg6 Nd7 43. Re3 Qxg6 44. Rxg6 Nf8 45. Rg2 R6d7 46. Reg3 Rf7 47. d5 Rdd7 48. d6 c5 49. Be5 Kh8 50. a3 a5 51. Kh3 Kg8 52. b4 axb4 53. axb4 cxb4 54. Rb2 Rf5 55. Rxb4 Rxh5+ 56. Kg4 Rf5 57. Rgb3 h5+ 58. Kg3 Rff7 59. c5 g5 60. fxg5 Rf5 61. Bd4 Rxg5+ 62. Kh3 Rg4 63. Bc3 Rxb4 64. Bxb4 e5 65. Re3 Ng6 66. Ba5 Kf7 67. Bc7 Ke6 68. Rb3 Kd5 69. Rxb7 Kxc5 70. Rb1 1/2-1/2

[Event "SVK-chT 2223"]
[White "Borosova, Zuzana"]
[Black "Piesik, Piotr"]
[Site "Slovakia"]
[Round "8.1"]
[Result "0-1"]
[Date "2023.02.26"]
[WhiteElo "2291"]
[BlackElo "2423"]
[PlyCount "82"]
[EventDate "2022.10.22"]
[EventType "team-tourn"]
[EventRounds "11"]
[EventCountry "SVK"]
[SourceTitle "EXT 2024"]
[Source "ChessBase"]
[SourceDate "2023.10.10"]
[SourceVersion "1"]
[SourceVersionDate "2023.10.10"]
[SourceQuality "1"]
[WhiteTeam "Komarno"]
[BlackTeam "Dubnica nad Vahom"]
[WhiteTeamCountry "SVK"]
[BlackTeamCountry "SVK"]

1. e4 c6 2. Nc3 d5 3. Nf3 Bg4 4. h3 Bxf3 5. Qxf3 Nf6 6. Be2 e6 7. 0-0 d4 8. Nd1 Nbd7 9. d3 Bd6 10. g3 h5 11. Qg2 h4 12. g4 e5 13. c3 c5 14. Bd2 Nh7 15. f4 exf4 16. Bxf4 Bxf4 17. Rxf4 Ne5 18. Rf5 f6 19. Rc1 Ng5 20. Qh2 Qd6 21. Kg2 0-0 22. c4 a6 23. b3 Rae8 24. Nb2 Qb6 25. Rc2 Qa5 26. Nd1 g6 27. Rf1 Ne6 28. Nf2 g5 29. Kh1 Nf4 30. Rfc1 Rc8 31. Qg1 b5 32. Qe1 Qxe1+ 33. Rxe1 bxc4 34. bxc4 Rb8 35. Rec1 Rb4 36. Kg1 Rfb8 37. Bf1 Rb2 38. Nd1 Rxc2 39. Rxc2 Rb1 40. Nb2 Nfxd3 41. Nxd3 Nxd3 0-1

[Event "Olympiad Women-44"]
[White "Borosova, Zuzana"]
[Black "Khegay, Anjela"]
[Site "Chennai"]
[Round "4.1"]
[Result "1/2-1/2"]
[Date "2022.08.01"]
[WhiteElo "2277"]
[BlackElo "2131"]
[PlyCount "78"]
[EventDate "2022.07.29"]
[EventType "team-swiss"]
[EventRounds "11"]
[EventCountry "IND"]
[SourceTitle "CBM 210"]
[Source "ChessBase"]
[SourceDate "2022.10.31"]
[SourceVersion "1"]
[SourceVersionDate "2022.10.31"]
[SourceQuality "1"]
[WhiteTeam "Slovakia (W)"]
[BlackTeam "Singapore (W)"]
[WhiteTeamCountry "SVK"]
[BlackTeamCountry "SIN"]

1. e4 g6 2. d4 Bg7 3. Nf3 d6 4. Bc4 Nf6 5. Qe2 Bg4 6. e5 dxe5 7. Bxf7+ Kxf7 8. Nxe5+ Kf8 9. Nxg4 Qxd4 10. Nxf6 Bxf6 11. 0-0 Kg7 12. Nc3 Nc6 13. Ne4 Qe5 14. c3 h5 15. Be3 b6 16. Rfe1 h4 17. Qc4 Na5 18. Qa4 Qf5 19. Nxf6 exf6 20. Bf4 g5 21. Bxc7 h3 22. Re7+ Kg6 23. g4 Qf3 24. Qc2+ Kh6 25. Qe4 Qxe4 26. Rxe4 Rac8 27. Bg3 Nc4 28. Re2 Rhd8 29. f4 Rd2 30. Rxd2 Nxd2 31. Kf2 Ne4+ 32. Kf3 Nxg3 33. Kxg3 gxf4+ 34. Kxf4 Rd8 35. Ke3 Kg5 36. Rg1 Re8+ 37. Kf3 Rd8 38. Ke3 Re8+ 39. Kf3 Rd8 1/2-1/2

[Event "Olympiad Women-44"]
[White "Ptacnikova, Lenka"]
[Black "Borosova, Zuzana"]
[Site "Chennai"]
[Round "2.1"]
[Result "1/2-1/2"]
[Date "2022.07.30"]
[WhiteElo "2066"]
[BlackElo "2277"]
[PlyCount "64"]
[EventDate "2022.07.29"]
[EventType "team-swiss"]
[EventRounds "11"]
[EventCountry "IND"]
[SourceTitle "CBM 210"]
[Source "ChessBase"]
[SourceDate "2022.10.31"]
[SourceVersion "1"]
[SourceVersionDate "2022.10.31"]
[SourceQuality "1"]
[WhiteTeam "Iceland (W)"]
[BlackTeam "Slovakia (W)"]
[WhiteTeamCountry "ISL"]
[BlackTeamCountry "SVK"]

1. Nf3 d5 2. g3 c6 3. Bg2 Bg4 4. h3 Bh5 5. 0-0 Nd7 6. d3 e6 7. Qe1 Bd6 8. e4 Ne7 9. e5 Bc7 10. d4 c5 11. Be3 Bxf3 12. Bxf3 cxd4 13. Bxd4 Nc6 14. Be3 Ndxe5 15. Bg2 0-0 16. b3 Bb6 17. Bxb6 Qxb6 18. c3 Rad8 19. Kh2 Qc5 20. a4 d4 21. b4 Qd6 22. b5 Na5 23. cxd4 Nec4 24. Na3 b6 25. Nc2 Rd7 26. Qc3 Rfd8 27. Rfe1 Rc7 28. Rad1 Na3 29. Qxa3 Rxc2 30. Qf3 Rc4 31. d5 e5 32. Qf5 f6 1/2-1/2